SPEED TYPE 100-11 - Statistics

General Stats
  • This quiz has been taken 16 times
  • The average score is 43 of 90
Answer Stats
TYPE!!!! % Correct
100
100%
95
100%
96
100%
97
100%
98
100%
99
100%
76
83%
77
83%
78
83%
79
83%
80
83%
81
83%
82
83%
83
83%
84
83%
85
83%
86
83%
87
83%
88
83%
89
83%
90
83%
91
83%
92
83%
93
83%
94
83%
72
67%
73
67%
74
67%
75
67%
58
50%
59
50%
60
50%
61
50%
62
50%
63
50%
64
50%
65
50%
66
50%
67
50%
68
50%
69
50%
70
50%
71
50%
33
33%
34
33%
35
33%
36
33%
37
33%
38
33%
39
33%
40
33%
41
33%
42
33%
43
33%
44
33%
45
33%
46
33%
47
33%
48
33%
49
33%
50
33%
51
33%
52
33%
53
33%
54
33%
55
33%
56
33%
57
33%
14
17%
15
17%
16
17%
17
17%
18
17%
19
17%
20
17%
21
17%
22
17%
23
17%
24
17%
25
17%
26
17%
27
17%
28
17%
29
17%
30
17%
31
17%
32
17%
11
0%
12
0%
13
0%
No matching quizzes found
Score Distribution
Percent of People with Each Score
Percentile by Number Answered
Your Score History
You have not taken this quiz